|
|
|
|
| LEADER |
00000nam0a2200000 4500 |
| 001 |
51121 |
| 005 |
20231031034534.0 |
| 035 |
|
|
|a (RuTPU)RU\TPU\book\53522
|
| 090 |
|
|
|a 51121
|
| 100 |
|
|
|a 20030424d2001 m y0rusy50 ca
|
| 101 |
0 |
|
|a rus
|
| 102 |
|
|
|a RU
|
| 105 |
|
|
|a a j 000zy
|
| 200 |
1 |
|
|a Оценивание погрешностей измерений
|e Методические материалы
|f Н. Я. Медовикова, Н. Н. Рейх
|g Академия стандартизации, метрологии и сертификации (учебная) Госстандарта России. Кафедра "Законодательная метрология"
|
| 210 |
|
|
|a Москва
|c АСМС
|d 2001
|
| 215 |
|
|
|a 17 с.
|c ил.
|
| 610 |
1 |
|
|a измерения
|
| 610 |
1 |
|
|a погрешности
|
| 610 |
1 |
|
|a оценивание
|
| 610 |
1 |
|
|a математические методы
|
| 610 |
1 |
|
|a методические материалы
|
| 675 |
|
|
|a 681.2.088(076.5)
|v 3
|
| 700 |
|
1 |
|a Медовикова
|b Н. Я.
|
| 701 |
|
1 |
|a Рейх
|b Н. Н.
|
| 712 |
0 |
2 |
|a Академия стандартизации, метрологии и сертификации (учебная) Госстандарта России
|b Кафедра "Законодательная метрология"
|2 stltpush
|3 (RuTPU)RU\TPU\col\802
|
| 801 |
|
1 |
|a RU
|b 63413507
|c 20030424
|g PSBO
|
| 801 |
|
2 |
|a RU
|b 63413507
|c 20100825
|g PSBO
|
| 942 |
|
|
|c BK
|